000
00402nam a22001697a 4500
003
MPLRDC
005
20220104144432.0
008
210129b ||||| |||| 00| 0 eng d
082
_a
859.6 XBTS v.8
100
_a
不详
245
_a
破白虎阵
_c
260
_a
_b
香槟图书出版社
_c
300
_b
平
490
_a
历中人物传奇故事精选
650
_a
942
_c
BK
_o
859.6 XBTS v.8
999
_c
49584
_d
49574